00461 2200169 4500001002100000008004100021035002000062245003600082100001700118260003800135300001200173020002200185084001700207082000800224650004000232990001900272INLIS000000000003230 ind  a0010-0724003230 aMengenal Tanaman Obat Nusantara aDani Hamdani aBogorbPanca Anugerah Saktic2007 a72 hlm. a978-979-1420-76-1 a582.12 DAN m a582 aTanaman dengan Karakteristik Khusus aP29/CP/24/3230